000 00618aab a2200193 4500
001 768714001
003 CO-MdFUSB
005 20240613104656.0
008 170523s1999 cr ||||| |||| 00| 0 spa d
022 _a1409-1968
040 _aCO-MdFUSB
_bspa
_cCO-MdFUSB
_dCO-MdFUSB
041 _aspa
100 1 _aMarcano, Samuel
_eautor
245 1 0 _aUna lectura comprensiva de las Escrituras
_c/ Samuel Marcano
300 _aVolumen 16. Número 4 (1999), páginas 70-71
_c: 27 cm.
773 0 _tApuntes Pastorales
_049442
_960164
_gVolumen 16, número 4 (1999), páginas: 70-71
_qPágina 70
942 _cANA
945 _aJTF-925
999 _c59767
_d59767